00661nam a22001937a 450000500170000001000150001702000260003203500130005803700130007108200160008410000160010024501180011626000340023427000630026830000390033150000500037070000190042070000280043920140207151842.0 aENG-109157 a9789381523766c350.00 aEN-92690 bDBAD/PUB a301.4510954 aMuthiah, S. aThe Anglo- Indians :cby S. Muthiah [and] Harry MacLure ; edited by Shaurya Shaukat Sircarba 500- year history / aNew DelhibNiyogi Booksc2013 bNew Delhie110020aD- 78, Okhala Industrial Area, Phase- 1 axv,216p. :c23cm(pbk) bill. aIncludes bibliographical references and index aMacLure, Harry aSircar, Shaurya Shaukat